Nghiên cứu chuyển phần mềm nghiệp vụ Hải Quan sang kiến trúc hướng dịch vụ (Soa) : Luận văn Thạc sĩ Công nghệ Thông Tin. Chuyên ngành: Hệ thống Thông tin

Nghiên cứu kiến trúc hướng dịch vụ, Web service và ứng dụng các công nghệ này để chuyển một số chức năng báo cáo của phần mềm nghiệp vụ hải quan sang kiến trúc hướng dịch vụ hoạt động tương tự chương trình cũ nhưng có khả năng tích h...

Descripció completa

Guardat en:
Dades bibliogràfiques
Autor principal: Võ, Tân Thanh
Format: Llibre
Idioma:Undetermined
Publicat: Cần Thơ Trường Đại học Cần Thơ 2010
Matèries:
Etiquetes: Afegir etiqueta
Sense etiquetes, Sigues el primer a etiquetar aquest registre!
Thư viện lưu trữ: Trung tâm Học liệu Trường Đại học Cần Thơ
LEADER 01388nam a2200229Ia 4500
001 CTU_163867
008 210402s9999 xx 000 0 und d
082 |a 006.78 
082 |b Th107 
088 |a 60480104 
100 |a Võ, Tân Thanh 
245 0 |a Nghiên cứu chuyển phần mềm nghiệp vụ Hải Quan sang kiến trúc hướng dịch vụ (Soa) : 
245 0 |b Luận văn Thạc sĩ Công nghệ Thông Tin. Chuyên ngành: Hệ thống Thông tin 
245 0 |c Võ Tân Thanh ; Lê Quyết Thắng (Hướng dẫn Khoa học) 
260 |a Cần Thơ 
260 |b Trường Đại học Cần Thơ 
260 |c 2010 
520 |a Nghiên cứu kiến trúc hướng dịch vụ, Web service và ứng dụng các công nghệ này để chuyển một số chức năng báo cáo của phần mềm nghiệp vụ hải quan sang kiến trúc hướng dịch vụ hoạt động tương tự chương trình cũ nhưng có khả năng tích hợp và tái sử dụng. 
650 |a Service-oriented architecture (Computer science),Web servers,Kiến trúc hướng dịch vụ,Dịch vụ web 
650 |x Computer programs,Chương trình máy tính 
904 |i Năm 
980 |a Trung tâm Học liệu Trường Đại học Cần Thơ